[Event "EYb18"]
[Site "Herceg Novi MNE"]
[Date "2008.09.24"]
[Round "9"]
[White "Swiercz,D"]
[Black "Rasulov,Vu"]
[Result "1/2-1/2"]
[WhiteElo "2456"]
[BlackElo "2392"]

1.e4 c5 2.Nf3 e6 3.d4 cxd4 4.Nxd4 a6 5.Bd3 d6 6.O-O Nf6 7.f4 Qc7 8.Qe2 Nbd7
9.Nd2 Be7 10.N2f3 Nc5 11.Kh1 O-O 12.Bd2 e5 13.Nb3 exf4 14.Bxf4 Bg4 15.Rae1 Rfe8
16.Qf2 Rac8 17.Nfd4 Qd7 18.h3 Be6 19.Nxc5 Rxc5 20.Nf5 Bf8 21.Be3 Rcc8 22.Bd4 Bxf5
23.exf5 d5 24.c3 Qd6 25.Qh4 h6 26.Rf3 Rxe1+ 27.Qxe1 Re8 28.Re3 Rxe3 29.Qxe3 Qc6
30.b3 b5 31.Kg1 Bd6 32.g4 Bc7 33.Kf1 Ne4 34.Bxe4 dxe4 35.Ke2 Qd5 36.Kd1 Bd8
37.Kc2 Bg5 38.Qg3 e3 39.Bxe3 Qe4+ 40.Kd2 Qb1 41.Bxg5 Qxa2+ 42.Ke3 hxg5 43.b4 Kh7
44.Qf3 f6 45.Qe2 Qd5 46.Qd3 Qc6 47.Kf2 Qc7 48.Qf3 Qc4 49.Qe3 Qa2+ 50.Kf3 Qc2
51.Kg3 Qd1 52.Kf2 Qc2+ 53.Ke1 Qb1+ 54.Kd2 Qa2+ 55.Kc1 Qa3+ 56.Kc2 Qa2+ 57.Kd1 Qb1+
58.Ke2 Qc2+ 59.Qd2 Qe4+ 60.Kf2 Qe5 61.Qd3 Qc7 62.Ke1 Qc6 63.Kd1 Kg8 64.Kc2 Kh7
65.Kb3 Qh1 66.c4 bxc4+ 67.Kxc4 Qg1 68.Kb3 Qg2 69.Ka3 Qc6 70.Kb3 Qg2 71.Qc3 Qd5+
72.Ka3 Qd1 73.Kb2 Qe2+ 74.Kb3 Qf1 75.Qe3 Qb5 76.Qc5 Qf1 77.Qc3 Qg2 78.Qd3 Qc6
79.Kb2 Qg2+ 80.Kb3 Qc6 81.Qe3 Qd5+ 82.Ka4 Qa2+ 83.Qa3 Qc4 84.Qb3 Qc6+ 85.Ka3 Qc1+
86.Ka2 Qd2+ 87.Kb1 Qe1+ 88.Kb2 Qd2+ 89.Ka3 Qc1+ 90.Qb2 Qe3+ 91.Qb3 Qd4 92.Ka2 Qd2+
93.Kb1 Qe1+ 94.Kc2 Qe2+ 95.Kc3 Qe5+ 96.Kd3 Qd6+ 97.Kc4 Qc6+ 98.Kd4 Qd6+ 99.Ke4 Qc6+
100.Qd5 Qc3 101.Qd4 Qb3 102.Qd2 Qxh3 103.Qe2 Qg3 104.Kd4 Kh6 105.Kc4 Qb8
106.Kc3 Qg3+ 107.Kc4 Kh7 108.Qd1 Qc7+ 109.Kb3 Qc6 110.Qe2 Qb5 111.Qf3 Qe8
112.Ka3 Qe1 113.Qh3+ Kg8 114.Qb3+ Kf8 115.Qd3 Ke7 116.Ka4 Qa1+ 117.Kb3 Ke8
118.Qe4+ Kd7 119.Qd5+ Kc7 120.Qc5+ Kd7 121.Qd5+ Kc7 122.Qf7+ Kd6 123.Qe6+ Kc7
124.Qe7+  1/2-1/2

[Event "5th Highlands Open A"]
[Site "Zdar nad Sazavou CZE"]
[Date "2008.09.25"]
[Round "6"]
[White "Vecera,Pa"]
[Black "Ponizil,C"]
[Result "0-1"]
[WhiteElo "2145"]
[BlackElo "2284"]

1.e4 c5 2.Nf3 e6 3.d4 cxd4 4.Nxd4 a6 5.Bd3 Bc5 6.Nb3 Ba7 7.O-O Nc6 8.Nc3 Nge7
9.Qh5 Ng6 10.Bg5 Qc7 11.Rae1 Qe5 12.Kh1 h6 13.f4 Nxf4 14.Rxf4 g6 15.Qxh6 Rxh6
16.Bxh6 Qh5 17.Bg7 Bb8 18.Nd5 exd5 19.exd5+ Ne5 20.Bf6 g5 21.Rf5 Kf8 22.Bxg5 Qg4
23.Bh6+ Ke7 24.Bg5+ Kf8 25.Bh6+ Ke7 26.d6+ Bxd6 27.Rg5 Qh4 28.Rg3 Qxh6 29.Nd4 Kd8  0-1

[Event "Zvenigorodskaya Open A"]
[Site "Zvenigorod RUS"]
[Date "2008.09.25"]
[Round "1"]
[White "Shaposhnikov,E"]
[Black "Ajrapetian,G"]
[Result "1-0"]
[WhiteElo "2558"]
[BlackElo "2361"]

1.e4 c5 2.Nf3 e6 3.d4 cxd4 4.Nxd4 a6 5.Bd3 Bc5 6.Nb3 Be7 7.Qg4 g6 8.Qe2 d6
9.O-O Qc7 10.a4 b6 11.Na3 Nd7 12.Kh1 Bb7 13.a5 b5 14.c4 bxc4 15.Nxc4 Ngf6
16.Bh6 d5 17.exd5 Nxd5 18.Be4 g5 19.Rac1 Qd8 20.Bxg5 Bxg5 21.Nd6+ Kf8 22.Nxb7 Qe7
23.Rc2 Nf4 24.Qc4 Kg7 25.N7c5 Rac8 26.Qd4+ Nf6 27.Qe5 Bh6 28.Nd4 Qa7 29.Rfc1 Rce8
30.Nc6 Qa8 31.Nd7 Nh5 32.Nxf6 Nxf6 33.Rc3 Bxc1 34.Rg3+  1-0

[Event "17th CRO-chT 1w"]
[Site "Sibenik CRO"]
[Date "2008.09.27"]
[Round "1"]
[White "Jelica,M"]
[Black "Tomulic,V"]
[Result "1-0"]
[WhiteElo "2205"]
[BlackElo "1935"]

1.e4 c5 2.Nf3 e6 3.d4 cxd4 4.Nxd4 a6 5.Bd3 Qc7 6.Be3 Nf6 7.O-O d5 8.exd5 Nxd5
9.c4 Nxe3 10.fxe3 Bd6 11.Qh5 g6 12.Qh4 Qe7 13.Qh6 e5 14.Nb3 Nc6 15.Nc3 Nb4
16.Be4 Be6 17.Na5 Rc8 18.Nxb7 Bxc4 19.Nxd6+ Qxd6 20.Bb7 Bxf1 21.Qg7 Ke7 22.Bxc8 Rxc8
23.Rxf1 Rf8 24.Ne4 Qd5 25.Nf6 Qc5 26.Nxh7 Qxe3+ 27.Kh1  1-0

[Event "17th CRO-chT 1w"]
[Site "Sibenik CRO"]
[Date "2008.09.28"]
[Round "2"]
[White "Purgar,I"]
[Black "Ivekovic,I"]
[Result "1-0"]
[WhiteElo "2026"]
[BlackElo "1897"]

1.e4 c5 2.Nf3 e6 3.d4 cxd4 4.Nxd4 a6 5.Bd3 Nf6 6.Qe2 d6 7.O-O Be7 8.c4 b6
9.Nc3 Bb7 10.f4 Nc6 11.Nxc6 Bxc6 12.Bd2 Qc7 13.Kh1 Qb7 14.b4 O-O 15.b5 axb5
16.cxb5 Be8 17.e5 Nd5 18.Qe4 g6 19.Bc4 Rd8 20.Bxd5 exd5 21.Nxd5 Kg7 22.Bc3 f5
23.exf6+ Bxf6 24.Nxf6  1-0

[Event "Tatry Open"]
[Site "Tatranske Zruby SVK"]
[Date "2008.09.28"]
[Round "2"]
[White "Handl,M"]
[Black "Skliba,M"]
[Result "0-1"]
[WhiteElo "2087"]
[BlackElo "2303"]

1.e4 c5 2.Nf3 e6 3.d4 cxd4 4.Nxd4 a6 5.Bd3 Bc5 6.Nb3 Be7 7.O-O Nc6 8.Nc3 Nf6
9.Be3 d6 10.f4 b5 11.Qf3 Bb7 12.Nd4 Qc7 13.Rfe1 O-O 14.Rad1 b4 15.Nce2 Nxd4
16.Nxd4 g6 17.Rc1 e5 18.Ne2 d5 19.Ng3 dxe4 20.Nxe4 Nd5 21.fxe5 Qxe5 22.Bh6 Rfe8
23.c3 bxc3 24.bxc3 f5 25.Qg3 fxe4 26.Qh3 Bc5+ 27.Kh1 Qf5 28.Qxf5 gxf5 29.Bc4 Bf8
30.Rb1 Bxh6 31.Rxb7 Rad8 32.Rd1 e3 33.Rxd5 Rxd5 34.Bxd5+ Kh8 35.Bf3 e2 36.Bxe2 Rxe2
37.Rb8+ Kg7 38.Rb7+ Kf6 39.Rb6+ Re6 40.Rb1 Bd2 41.c4 Re1+  0-1

[Event "Zvenigorodskaya Open A"]
[Site "Zvenigorod RUS"]
[Date "2008.09.28"]
[Round "6"]
[White "Frolyanov,D"]
[Black "Korobkov,P"]
[Result "1/2-1/2"]
[WhiteElo "2567"]
[BlackElo "2516"]

1.e4 c5 2.Nf3 e6 3.d4 cxd4 4.Nxd4 a6 5.Bd3 Nf6 6.O-O Qc7 7.Qe2 Bd6 8.f4 Bc5
9.Be3 Qb6 10.c3 Nc6 11.Nd2 Nxd4 12.cxd4 Bxd4 13.Nc4 Bxe3+ 14.Kh1 Qd8 15.Qxe3 d5
16.exd5 Nxd5 17.Qh3 h6 18.Rad1 O-O 19.Ne5 Qc7 20.Qg3 Nf6 21.Rc1 Qb6 22.Nc4 Qc5
23.Ne5 Qb6 24.Nc4  1/2-1/2

[Event "Zvenigorodskaya Open A"]
[Site "Zvenigorod RUS"]
[Date "2008.09.28"]
[Round "6"]
[White "Airapetian,G"]
[Black "Gorbatov,A"]
[Result "1/2-1/2"]
[WhiteElo "2351"]
[BlackElo "2423"]

1.e4 c5 2.Nf3 e6 3.d4 cxd4 4.Nxd4 a6 5.Bd3 Qc7 6.a4 Nf6 7.O-O Be7 8.Qe2 d6
9.Na3 O-O 10.Nc4 e5 11.Nf3 Nbd7 12.a5 Nc5 13.Nb6 Rb8 14.Bg5 Bg4 15.h3 Bh5
16.Qe3 Qc6 17.Nd2 Rbe8 18.Rfe1 Bg6 19.Bc4 h6 20.Bh4 Kh8 21.Nd5 Nxd5 22.Bxd5 Qc7
23.Bxe7 Rxe7 24.c3 f5 25.exf5 Bxf5 26.Ne4 Bxe4 27.Bxe4 Nb3 28.Rad1 Nxa5 29.Bb1 Rf6
30.Qe4 g6 31.Ba2 Kg7  1/2-1/2

[Event "ch-Commonwealth"]
[Site "Nagpur IND"]
[Date "2008.09.30"]
[Round "4"]
[White "Arun,Ka"]
[Black "Gusain,H"]
[Result "1/2-1/2"]
[WhiteElo "2277"]
[BlackElo "2108"]

1.e4 c5 2.Nf3 e6 3.d4 cxd4 4.Nxd4 a6 5.Bd3 Ne7 6.O-O Nbc6 7.Nxc6 Nxc6 8.c4 Be7
9.Nc3 O-O 10.Be3 d6 11.Qd2 Ne5 12.Be2 Bd7 13.f4 Ng6 14.Rfd1 Bc6 15.Rac1 Qb8
16.a4 Bf6 17.Qxd6 Bxc3 18.Rxc3 Bxe4 19.Qxb8 Rfxb8 20.g3 Rd8 21.Bb6 Rxd1+
22.Bxd1 Rc8 23.Kf2 Rc6 24.Be3 e5 25.b4 exf4 26.gxf4 Ne7 27.Bf3 f5 28.Bc5 Kf7
29.Bxe4 fxe4 30.Bxe7 Kxe7 31.Ke3 Rh6 32.Rc2 Rh3+ 33.Kxe4 Ra3 34.Kd5 Rxa4
35.Kc5 Kd7 36.b5 axb5 37.cxb5 Kc7 38.b6+ Kd8 39.Kb5 Rxf4  1/2-1/2

[Event "ch-Commonwealth"]
[Site "Nagpur IND"]
[Date "2008.09.30"]
[Round "4"]
[White "Sahoo,U"]
[Black "Prathamesh,S"]
[Result "0-1"]
[WhiteElo "2124"]
[BlackElo "2358"]

1.e4 c5 2.Nf3 e6 3.d4 cxd4 4.Nxd4 a6 5.Bd3 Bc5 6.Nb3 Ba7 7.O-O Nc6 8.Qe2 Nge7
9.Be3 e5 10.N1d2 O-O 11.Nc4 d6 12.Bxa7 Rxa7 13.a4 Ng6 14.Qe3 Be6 15.Rad1 Qd7
16.Nb6 Bxb3 17.cxb3 a5 18.Bc4 Qd8 19.Nd5 Ra8 20.f4 exf4 21.Nxf4 Nge5 22.Bd5 Ng4
23.Qg3 Qb6+ 24.Kh1 Nce5 25.Nh5 Qe3 26.Qh4 Qh6 27.Rde1 Kh8 28.Qh3 Rac8 29.Nf4 Qxh3
30.Nxh3 Rc2 31.Ng5 Nf6 32.Bxf7 Rxb2 33.Bd5 h6 34.Nf3 Nd3 35.Rb1 Rxb1 36.Rxb1 Nf2+
37.Kg1 N2xe4 38.Bxe4 Nxe4 39.Nd4 Rc8 40.h3 Rc3 41.Nf5 Rd3 42.b4 Nd2 43.bxa5 Nxb1
44.a6 Rd1+  0-1

[Event "Podillya It"]
[Site "Khmelnitsky UKR"]
[Date "2008.10.02"]
[Round "10"]
[White "Chudinovskikh,A"]
[Black "Lutsko,I"]
[Result "1-0"]
[WhiteElo "2371"]
[BlackElo "2399"]

1.e4 c5 2.Nf3 e6 3.d4 cxd4 4.Nxd4 a6 5.Bd3 Bc5 6.Nb3 Ba7 7.O-O Nc6 8.Qe2 Nge7
9.Kh1 O-O 10.c4 e5 11.Nc3 d6 12.Be3 Be6 13.Nd5 a5 14.a4 Bxe3 15.Qxe3 Rb8
16.Rac1 b6 17.Rfd1 Nc8 18.Bf1 Rb7 19.Rd2 g6 20.Rcd1 f6 21.Nc3 N6a7 22.Na1 Qc7
23.b3 Qg7 24.Nc2 f5 25.exf5 gxf5 26.f4 Re7 27.Qg3 Qxg3 28.hxg3 Rg7 29.Ne2 Bf7
30.Kg1 Bh5 31.Kf2 Nc6 32.Rxd6 Nxd6 33.Rxd6 Rg6 34.Rd5 Re6 35.Nc3 Bf7 36.Bd3 e4
37.Be2 Rf6 38.Rb5 Na7 39.Re5 Rd8 40.Ne3 Nc6 41.Rxf5 Rxf5 42.Nxf5 Rd2 43.Nxe4 Rb2
44.Nf6+ Kh8 45.g4 Bg6 46.Ke3 Rxb3+ 47.Ke4 Ne7 48.Nd5 Nxd5 49.cxd5 Be8 50.Bb5 Rb4+
51.Ke3 Bxb5 52.axb5 Rxb5 53.d6 a4 54.Ke4 Ra5 55.d7 Ra8 56.Nd6  1-0

[Event "58th TCh m 1st Div"]
[Site "Borovets BUL"]
[Date "2008.10.03"]
[Round "3"]
[White "Petrov,Marij"]
[Black "Mishev,L"]
[Result "1/2-1/2"]
[WhiteElo "2483"]
[BlackElo "2232"]

1.e4 c5 2.Nf3 e6 3.d4 cxd4 4.Nxd4 a6 5.Bd3 Qc7 6.O-O Nf6 7.c4 Be7 8.Nc3 O-O
9.Qe2 d6 10.f4 Nbd7 11.Nf3 g6 12.Kh1 Re8 13.e5 Nh5 14.g4 Ng7 15.Ne4 f5 16.exd6 Bxd6
17.Nxd6 Qxd6 18.Rd1 Qc6 19.Qg2 fxg4 20.Ne5 Qxg2+ 21.Kxg2 Nf6 22.Be2 Nf5 23.Nxg4 Ne4
24.Nf2 Nf6 25.Ng4 Nh5 26.Nf2 Nf6 27.Bf3 Nh4+ 28.Kg3 Nxf3 29.Kxf3 Bd7 30.Be3 Bc6+
31.Kg3 Ne4+  1/2-1/2

[Event "58th TCh w 1st Div"]
[Site "Borovets BUL"]
[Date "2008.10.03"]
[Round "3"]
[White "Videnova,I"]
[Black "Genova,Ly"]
[Result "1-0"]
[WhiteElo "2182"]
[BlackElo "2260"]

1.e4 c5 2.Nf3 e6 3.d4 cxd4 4.Nxd4 a6 5.Bd3 Nf6 6.O-O Qc7 7.Qe2 d6 8.c4 Nbd7
9.f4 Be7 10.Nc3 b6 11.Kh1 Bb7 12.Bd2 O-O 13.Rae1 Rad8 14.b4 Rfe8 15.a3 Bf8
16.Nb3 g6 17.Qf2 Bg7 18.a4 Ng4 19.Qg3 f5 20.a5 bxa5 21.Nxa5 Ba8 22.Re2 Ndf6
23.h3 Nh6 24.Rfe1 Qc8 25.Qf2 Nh5 26.Kh2 e5 27.exf5 gxf5 28.Nd5 e4 29.Nb6 Qb8
30.Bc2 Nf6 31.Kh1 Nd7 32.Nxa8 Qxa8 33.Ba4 Rf8 34.Bc6 Qc8 35.Bd5+ Kh8 36.Nb7 Nf6
37.Nxd8 Qxd8 38.Bc3 Qe7 39.Ra2 Re8 40.Rxa6 Nh5 41.Bxg7+ Qxg7 42.Rxd6 Ng8
43.c5 Qc3 44.Bf7 e3 45.Qh4 Ngf6 46.Rxf6 Nxf6 47.Bxe8 Ne4 48.Kh2 Qd2 49.Bg6  1-0

[Event "ch-Commonwealth"]
[Site "Nagpur IND"]
[Date "2008.10.03"]
[Round "8"]
[White "Kiran,M"]
[Black "Prathamesh,S"]
[Result "1/2-1/2"]
[WhiteElo "2246"]
[BlackElo "2358"]

1.e4 c5 2.Nf3 e6 3.d4 cxd4 4.Nxd4 a6 5.Bd3 Bc5 6.Nb3 Ba7 7.Qe2 Nc6 8.Be3 d6
9.O-O e5 10.Nc3 Nge7 11.Nd5 Be6 12.c4 a5 13.a4 O-O 14.Rfd1 Nb4 15.Bxa7 Rxa7
16.Nxb4 axb4 17.Qd2 Nc6 18.Bf1 b6 19.f4 exf4 20.Qxf4 Ne5 21.Nd4 b3 22.Qg3 Bg4
23.Rd2 Qa8 24.Nb5 Rxa4 25.Rc1 Ra1 26.Rxa1 Qxa1 27.Qxb3 Qe1 28.Rf2 Qxe4 29.Nxd6 Qc6
30.Nf5 Bxf5 31.Rxf5 Qc5+ 32.Kh1 Re8 33.h3 g6 34.Rf6 Nd7 35.Rf3 Ra8 36.Qc3 Ra1
37.b4 Qe5  1/2-1/2

[Event "1st WMSG Blitz Ind w"]
[Site "Beijing CHN"]
[Date "2008.10.04"]
[Round "8"]
[White "Marshall,A"]
[Black "Vasilevich,I"]
[Result "1-0"]
[WhiteElo "2194"]
[BlackElo "2354"]

1.e4 c5 2.Nf3 e6 3.d4 cxd4 4.Nxd4 a6 5.Bd3 Bc5 6.Nb3 Ba7 7.O-O d6 8.c4 Nc6
9.Nc3 Nge7 10.Bf4 e5 11.Bg3 Be6 12.Kh1 Ng6 13.Ne2 h5 14.f4 h4 15.Bf2 Bxf2
16.Rxf2 exf4 17.Nxf4 Nxf4 18.Rxf4 Qg5 19.Rf1 h3 20.g3 Ne5 21.Be2 Qe3 22.Qc2 Rc8
23.Rae1 Qg5 24.Na5 b6 25.Nb7 Ke7 26.c5 bxc5 27.Qa4 Rc7 28.Qxa6 Nc6 29.Bb5 Rhc8
30.Rd1 Qe5 31.Rfe1 Nd4 32.Bf1 Bd7 33.Na5 Bc6 34.Nxc6+ Rxc6 35.Qc4 Rb6 36.b3 Rb4
37.Qd3 Ra8 38.Qd2 Rb6 39.Qf2 Ne6 40.Bxh3 Ng5 41.Bg2 Rb4 42.Rd5 Qf6 43.Qd2 Rd8
44.Qxg5 Qxg5 45.Rxg5 g6 46.Rd5 Ra8 47.e5 dxe5 48.Rdxe5+ Kf8 49.R5e2 Rd8 50.h4 Kg7
51.Kh2 Rd6 52.Re7 Rf6 53.R7e3 Rbb6 54.Rf3 Rfd6 55.Ref1 Rd7 56.Bh3 Re7 57.Bg2 Ra6
58.R3f2 Rea7 59.Bd5 Rxa2 60.Kh3 f5 61.Bc4 R2a5 62.Rd2 Re7 63.Rfd1 Raa7 64.Rd5 Rac7
65.Rd6 Kh6 66.Ra6 Re3 67.Rdd6 Rg7 68.Kg2 Kh5 69.Rac6 Kg4 70.Rxg6+  1-0

[Event "1st WMSG Blitz Ind w"]
[Site "Beijing CHN"]
[Date "2008.10.04"]
[Round "9"]
[White "Borosova,Z"]
[Black "Pham Le Thao Nguyen"]
[Result "0-1"]
[WhiteElo "2234"]
[BlackElo "2304"]

1.e4 c5 2.Nf3 e6 3.d4 cxd4 4.Nxd4 a6 5.Bd3 Bc5 6.Nb3 Ba7 7.Qg4 Nf6 8.Qe2 d6
9.O-O O-O 10.Nc3 Nbd7 11.Kh1 b5 12.f4 Qc7 13.Bd2 Bb7 14.Rae1 e5 15.fxe5 dxe5
16.Bg5 Qd6 17.Rf3 h6 18.Bh4 Nh7 19.Na5 Rab8 20.Nxb7 Rxb7 21.Nd5 Nc5 22.Rg3 Kh8
23.Rf3 f5 24.Ref1 f4 25.b4 Ne6 26.Bf2 Nhg5 27.Bxa7 Rxa7 28.R3f2 Raf7 29.Qg4 Nd4
30.c3 Nc6 31.h4 Nh7 32.Qe2 Ne7 33.Nxe7 Qxe7 34.a3 Qxh4+ 35.Kg1 Ng5 36.c4 bxc4
37.Bxc4 Rf6 38.Qd1 Qg3 39.Qd3 f3 40.Qe3 Rf4 41.Bxa6 Rh4 42.Rd1 Qh2+  0-1

[Event "1st WMSG Blitz Ind w"]
[Site "Beijing CHN"]
[Date "2008.10.04"]
[Round "11"]
[White "Zdebskaja,N"]
[Black "Pourkashiyan,A"]
[Result "1-0"]
[WhiteElo "2419"]
[BlackElo "2241"]

1.e4 c5 2.Nf3 e6 3.d4 cxd4 4.Nxd4 a6 5.Bd3 Bc5 6.Nb3 Ba7 7.Qg4 g6 8.Nc3 Nc6
9.Qg3 d6 10.Bf4 e5 11.Bg5 f6 12.Be3 Be6 13.Bxa7 Rxa7 14.h4 Nge7 15.O-O-O b5
16.f4 O-O 17.f5 Bf7 18.fxg6 hxg6 19.h5 g5 20.Rdf1 Bc4 21.h6 Kh7 22.Rf2 Ng6
23.Bxc4 bxc4 24.Nd2 Nd4 25.Nxc4 Rc7 26.Nd2 Nf4 27.Qe3 Qb8 28.g3 Ng6 29.Nb3 Qb6
30.Nd5 Nxb3+ 31.axb3 Qxe3+ 32.Nxe3 Ne7 33.Rhf1 Kg6 34.h7 Kxh7 35.Rxf6 Rxf6
36.Rxf6 Rd7 37.Nc4 Ng6 38.Nxd6 Kg7 39.Ne8+ Kg8 40.Rxg6+ Kf7 41.Rg8 Rd4 42.Rh8 g4
43.c3 Rd3 44.Nc7 Rxg3 45.Nd5 Rg1+ 46.Kc2 g3 47.Rh4 g2 48.Rg4 Ke6 49.Ne3 Re1
50.Nxg2 Re2+ 51.Kd3 Rxb2 52.Rg6+ Ke7 53.Rb6 a5 54.Ne3 a4 55.Nd5+ Kd8 56.bxa4 Ra2
57.Rb4 Kd7 58.Kc4 Kd6 59.Kb5 Ra3 60.a5 Kd7 61.a6 Kc8 62.Kb6 Kb8 63.c4 Ra1
64.c5 Kc8 65.a7 Ra2 66.Nc3 Ra1 67.Na4 Kd7 68.a8=Q  1-0

[Event "1st WMSG Rapid Ind w"]
[Site "Beijing CHN"]
[Date "2008.10.05"]
[Round "3"]
[White "Marshall,A"]
[Black "Li Ruofan"]
[Result "0-1"]
[WhiteElo "2194"]
[BlackElo "2426"]

1.e4 c5 2.Nf3 e6 3.d4 cxd4 4.Nxd4 a6 5.Bd3 Bc5 6.Nb3 Be7 7.O-O d6 8.c4 Nf6
9.Nc3 Qc7 10.Bf4 Nbd7 11.Qe2 b6 12.Bg3 Bb7 13.f4 g6 14.f5 Ne5 15.Kh1 Rc8
16.fxe6 fxe6 17.Nd2 O-O 18.Bf2 Nfd7 19.Be3 Bf6 20.Rac1 Bg7 21.Rxf8+ Rxf8
22.b3 Nxd3 23.Qxd3 Nc5 24.Bxc5 dxc5 25.Nf3 Rd8 26.Qe2 Qf4 27.Rc2 Bxc3 28.Rxc3 Bxe4
29.h3 Bf5 30.Ne5 Rd2 31.Qe1 Qd4 32.Rc1 Bxh3 33.gxh3 Qf4 34.Ng4 Qf3+  0-1

[Event "1st WMSG Rapid Ind"]
[Site "Beijing CHN"]
[Date "2008.10.05"]
[Round "3"]
[White "Leon Hoyos,M"]
[Black "Livshits,G"]
[Result "0-1"]
[WhiteElo "2535"]
[BlackElo "2427"]

1.e4 c5 2.Nf3 e6 3.d4 cxd4 4.Nxd4 a6 5.Bd3 g6 6.O-O Bg7 7.Nf3 Nc6 8.c4 Nge7
9.Nc3 O-O 10.Bg5 h6 11.Bh4 d6 12.Qe2 g5 13.Bg3 Ng6 14.Rfd1 g4 15.Ne1 h5 16.h3 h4
17.Bh2 gxh3 18.gxh3 e5 19.Qh5 Bxh3 20.Nd5 Nce7 21.Nf3 Nxd5 22.exd5 Qd7 23.Nxh4 Qg4+
24.Qxg4 Bxg4 25.Nxg6 fxg6 26.Re1 Rac8 27.Rac1 Bf5 28.Bxf5 Rxf5 29.b4 b6 30.Rc2 Rg5+
31.Kf1 Rg4 32.c5 Rxb4 33.c6 Rd4 34.c7 Rxd5 35.Rc6 a5 36.Kg2 g5 37.a4 Bf8
38.Re3 Rc5 39.Rxb6 R8xc7 40.Rf3 Rf7 41.Rg3 Be7 42.Rg4 Kg7 43.Bg3 Kf6 44.Re4 Ke6
45.Re3 Rf8 46.Re2 Rfc8 47.Reb2 Rc4 48.Ra6 Rxa4 49.Rb5 Kf5 50.Ra7 Bd8 51.Rf7+ Ke6
52.Rf8 Kd7 53.Rb7+ Rc7 54.Rb8 Be7 55.Rg8 Rac4 56.Rg7 Rc8 57.Rb7+ R4c7 58.Rb1 a4
59.Rd1 Ke6 60.Rh1 Bf6 61.Rg6 Rg7 62.Rgh6 a3 63.Ra1 Ra8 64.Ra2 Rb7 65.Rh1 Rb2
66.Rha1 Rxa2 67.Rxa2 e4  0-1

[Event "ch-Commonwealth"]
[Site "Nagpur IND"]
[Date "2008.10.05"]
[Round "10"]
[White "Harshal,S"]
[Black "Rahul,J"]
[Result "0-1"]
[WhiteElo "1706"]
[BlackElo "1902"]

1.e4 c5 2.Nf3 e6 3.d4 cxd4 4.Nxd4 a6 5.Bd3 Qc7 6.O-O Nf6 7.Nc3 Bc5 8.Be3 d6
9.Qe2 Nbd7 10.Nf3 Bxe3 11.Qxe3 O-O 12.h3 b5 13.Ne2 Bb7 14.Ng3 Rac8 15.Nd4 d5
16.exd5 Nxd5 17.Qg5 Qf4 18.Nf3 h6 19.Qxf4 Nxf4 20.Ne1 Rfd8 21.Rb1 Nc5 22.Be2 Rd2
23.Bd3 Ncxd3 24.cxd3 Nxd3 25.Nxd3 Rxd3 26.Rbc1 Rxc1 27.Rxc1 Rd5 28.Rc8+ Kh7
29.Rc3 Rd1+ 30.Kh2 Rd2 31.f3 Rxb2 32.a3  0-1

[Event "1st WMSG Rapid Ind w"]
[Site "Beijing CHN"]
[Date "2008.10.06"]
[Round "6"]
[White "Marshall,A"]
[Black "Golubenko,Valen"]
[Result "1/2-1/2"]
[WhiteElo "2194"]
[BlackElo "2273"]

1.e4 c5 2.Nf3 e6 3.d4 cxd4 4.Nxd4 a6 5.Bd3 Nc6 6.Nf3 Qc7 7.c4 Bd6 8.Nc3 Nf6
9.Qe2 Ng4 10.h3 Nge5 11.O-O O-O 12.Nxe5 Nxe5 13.f4 Nxd3 14.Qxd3 f5 15.e5 Bc5+
16.Kh1 d6 17.exd6 Bxd6 18.a3 Be7 19.b4 Bd7 20.Bb2 Rad8 21.Qg3 Bf6 22.c5 Bc6
23.Rae1 Rd2 24.Rf2 Rfd8 25.Qe3 Rxf2 26.Qxf2 Rd3 27.Nd1 Bxb2 28.Nxb2 Rxh3+
29.Kg1 Rh6 30.Qe3 Be4 31.Nd3 Rg6 32.Re2 Qe7 33.Ne5 Rh6 34.Qg3 Bd5 35.a4 b6
36.Qf2 Rf6 37.Rb2 b5 38.axb5 axb5 39.c6 Rf8 40.Qb6 Qh4 41.Rf2 Qh5 42.c7 Qd1+
43.Kh2 Qh5+ 44.Kg1 Qd1+ 45.Kh2 Qh5+ 46.Kg1 Qd1+ 47.Kh2 Qh5+  1/2-1/2

[Event "1st WMSG Rapid Ind w"]
[Site "Beijing CHN"]
[Date "2008.10.07"]
[Round "8"]
[White "Marshall,A"]
[Black "Hernandez Guerrero,Y"]
[Result "0-1"]
[WhiteElo "2194"]
[BlackElo "2228"]

1.e4 c5 2.Nf3 e6 3.d4 cxd4 4.Nxd4 a6 5.Bd3 Qc7 6.O-O Nf6 7.c4 Be7 8.Nc3 O-O
9.Nf3 d6 10.h3 Nc6 11.Bf4 Ne5 12.Qe2 b6 13.Rfd1 Bb7 14.Rac1 Rac8 15.b3 Nxd3
16.Rxd3 Qc6 17.Nd4 Qe8 18.Bh2 Nd7 19.Nf3 Nc5 20.Rxd6 Bxd6 21.Bxd6 f5 22.Bxf8 Qxf8
23.exf5 Qxf5 24.Rd1 Rf8 25.Nh2 h5 26.Nf1 Qf6 27.Nb1 Qg6 28.Ne3 Bf3 29.Qe1 Bxd1
30.Qxd1 Nd3 31.f3 Nf4 32.Kh1 Qd3 33.Qxd3 Nxd3 34.Nc3 Rd8 35.Ne4 Nc1 36.b4 Nxa2
37.c5 bxc5 38.bxc5 Nb4 39.Nc4 Rd1+ 40.Kh2 Rc1 41.Na5 Nd3 42.Nb3 Rc4 43.Kg3 Rb4
44.c6 Rc4 45.Na5 Rc2 46.Nd6 Ne5 47.Nc8 Kf8 48.Na7 Ke7 49.Kf4 Kd6 50.Nc8+ Kc7
51.Kxe5 Rc5+ 52.Kxe6 Rxa5 53.Ne7 Rg5 54.f4 Rxg2 55.Kd5 Rd2+ 56.Kc5 Rc2+ 57.Kd5 Re2
58.Nf5 Rd2+ 59.Nd4 Rxd4+ 60.Kxd4 Kxc6 61.Kc4 g6 62.Kd4  0-1

[Event "1st WMSG Rapid Ind w"]
[Site "Beijing CHN"]
[Date "2008.10.07"]
[Round "8"]
[White "Swathi,G"]
[Black "Vasilevich,I"]
[Result "0-1"]
[WhiteElo "2320"]
[BlackElo "2354"]

1.e4 c5 2.Nf3 e6 3.d4 cxd4 4.Nxd4 a6 5.Bd3 Bc5 6.Nb3 Ba7 7.Qg4 Nf6 8.Qg3 d6
9.Nc3 Nc6 10.Bd2 O-O 11.O-O-O b5 12.f4 b4 13.Ne2 Qc7 14.Kb1 a5 15.e5 Ne8
16.exd6 Qxd6 17.Be4 Qc7 18.f5 e5 19.Bh6 f6 20.Nxa5 Nxa5 21.Bxa8 Bxf5 22.Rc1 Nd6
23.Bd5+ Kh8 24.Bd2 Qc5 25.Rhd1 Rc8 26.Bb3 Ndc4 27.Qf3 e4 28.Qg3 e3 29.Be1 Nxb3
30.axb3 Nd2+  0-1

[Event "1st WMSG Rapid Ind w"]
[Site "Beijing CHN"]
[Date "2008.10.07"]
[Round "9"]
[White "Marshall,A"]
[Black "Tagnon,N"]
[Result "1/2-1/2"]
[WhiteElo "2194"]
[BlackElo "1956"]

1.e4 c5 2.Nf3 e6 3.d4 cxd4 4.Nxd4 a6 5.Bd3 Qc7 6.O-O Nf6 7.c4 d6 8.Nc3 b6
9.Kh1 Bb7 10.f4 Nbd7 11.Qe2 Be7 12.Bd2 h5 13.f5 Nc5 14.fxe6 Nxe6 15.Nxe6 fxe6
16.e5 dxe5 17.Bg6+ Kd8 18.Bg5 Kc8 19.Rad1 Kb8 20.Bf7 h4 21.h3 Ka7 22.Bxf6 gxf6
23.Bxe6 Rad8 24.Bd5 Rhf8 25.b3 f5 26.Bxb7 Kxb7 27.Rxd8 Bxd8 28.Rxf5 Rxf5
29.Qe4+ Qc6 30.Qxf5 Bc7 31.Nd5 b5 32.Ne7 Qe8 33.Qe4+ Kb6 34.Nd5+ Kb7 35.Nb4+ Kb6
36.Nd5+ Kb7 37.Nb4+ Kb6 38.Nd5+ Kb7 39.Nb4+ Kb6 40.c5+ Kxc5 41.Nxa6+ Kb6
42.Nb4 Bd6 43.Nd5+ Kb7 44.a4 bxa4 45.Nc3+ Qc6 46.Qxc6+ Kxc6 47.bxa4 Bb4 48.Ne4  1/2-1/2

[Event "1st WMSG Blitz Pair"]
[Site "Beijing CHN"]
[Date "2008.10.08"]
[Round "3"]
[White "Berend,E"]
[Black "Pourkashiyan,A"]
[Result "1-0"]
[WhiteElo "2328"]
[BlackElo "2241"]

1.e4 c5 2.Nf3 e6 3.d4 cxd4 4.Nxd4 a6 5.Bd3 Bc5 6.Nb3 Ba7 7.Qg4 Nf6 8.Qg3 Nc6
9.Nc3 d6 10.Bg5 Ne5 11.O-O-O b5 12.Be3 O-O 13.f4 Bxe3+ 14.Qxe3 Nc4 15.Qe2 Qc7
16.g4 Bb7 17.Rhg1 Rac8 18.g5 Nd7 19.h4 Nc5 20.Bxc4 bxc4 21.Nxc5 Qxc5 22.Qd2 d5
23.exd5 exd5 24.Qd4 Qd6 25.f5 f6 26.gxf6 Rxf6 27.Kb1 Rd8 28.h5 h6 29.Rg6 a5
30.Ne4 dxe4 31.Qxd6 Rdxd6 32.Rxd6 Rxf5 33.Rg1 e3 34.Re6 Rxh5 35.Rxe3 Rb5
36.Kc1 Kh7 37.a4 Rf5 38.Re7 Bc6 39.Rgxg7+ Kh8 40.Rh7+ Kg8 41.Rxh6 Bxa4 42.Ra6 Bb5
43.Ra8+ Rf8 44.Rxf8+ Kxf8 45.Re5 Bd7 46.Rxa5 Ke7 47.Rc5 Be6 48.Kd2 Kd6 49.Rg5 Bd5
50.Kc3 Kc5 51.Rf5 Kd6 52.Kd4 Be6 53.Rc5 Bf7 54.Rxc4 Kd7 55.b4  1-0

[Event "1st WMSG Blitz Pair"]
[Site "Beijing CHN"]
[Date "2008.10.08"]
[Round "7"]
[White "Sukandar,I"]
[Black "Pourkashiyan,A"]
[Result "0-1"]
[WhiteElo "2303"]
[BlackElo "2241"]

1.e4 c5 2.Nf3 e6 3.d4 cxd4 4.Nxd4 a6 5.Bd3 Bc5 6.Nb3 Ba7 7.Qe2 Nc6 8.Be3 d6
9.Nc3 Nf6 10.O-O O-O 11.Rad1 b5 12.a3 Bb7 13.f4 Bxe3+ 14.Qxe3 Ng4 15.Qh3 Qb6+
16.Kh1 Nf2+ 17.Rxf2 Qxf2 18.Rf1 Qb6 19.e5 h6 20.exd6 Nd4 21.Qe3 Qc6 22.Be4 Nxc2
23.Qd2 Qc4 24.Bd3 Qxb3 25.Bxc2 Qc4 26.b3 Qxf1+  0-1

[Event "1st WMSG Rapid Pair"]
[Site "Beijing CHN"]
[Date "2008.10.09"]
[Round "1"]
[White "Sukandar,I"]
[Black "Greeff,M"]
[Result "1-0"]
[WhiteElo "2303"]
[BlackElo "1963"]

1.e4 c5 2.Nf3 e6 3.d4 cxd4 4.Nxd4 a6 5.Bd3 Nc6 6.Be3 Qc7 7.O-O Nf6 8.Nc3 Bd6
9.h3 O-O 10.Kh1 b5 11.a4 b4 12.Nce2 Bb7 13.Nb3 Na5 14.Nd2 Bc5 15.Bg5 Ne8
16.f4 h6 17.Bh4 d5 18.e5 Bb6 19.b3 Nc6 20.Ng3 Bd4 21.Rb1 Ne7 22.Qg4 Bc3 23.Nf3 d4
24.Nh5 Nd5 25.Nxg7 Ne3 26.Qg3 Nxf1 27.Rxf1 f5 28.Nxe8+ Kh8 29.Nxc7  1-0

[Event "1st WMSG Rapid Pair"]
[Site "Beijing CHN"]
[Date "2008.10.09"]
[Round "1"]
[White "Medvegy,N"]
[Black "Sarakauskiene,Z"]
[Result "0-1"]
[WhiteElo "2355"]
[BlackElo "2188"]

1.e4 c5 2.Nf3 e6 3.d4 cxd4 4.Nxd4 a6 5.Bd3 Qc7 6.O-O Nf6 7.Re1 d6 8.c4 Be7
9.Nc3 O-O 10.Be3 Nbd7 11.Rc1 Ne5 12.h3 Nxd3 13.Qxd3 Nd7 14.b3 b6 15.Qd2 Bb7
16.Bg5 Nf6 17.Nf3 h6 18.Bf4 Nd7 19.Red1 Ne5 20.Nd4 Rac8 21.Be3 Nd7 22.Qe2 Nf6
23.Bd2 Rfe8 24.Nf3 Qb8 25.Bf4 Red8 26.Qe3 Bc6 27.Nd4 Ba8 28.Bg3 Qb7 29.Re1 Nh5
30.Bh2 Nf6 31.Kh1 Rc5 32.a4 Nd7 33.f4 Bf6 34.Qd2 Rcc8 35.Bg1 Nc5 36.Rb1 Qd7
37.Qe2 e5 38.fxe5 dxe5 39.Nf3 Qd3 40.Nd5 Qxb1 41.Rxb1 b5 42.axb5 axb5 43.b4 Na4  0-1

[Event "1st WMSG Rapid Pair"]
[Site "Beijing CHN"]
[Date "2008.10.10"]
[Round "4"]
[White "Pourkashiyan,A"]
[Black "Li Ruofan"]
[Result "1-0"]
[WhiteElo "2241"]
[BlackElo "2426"]

1.e4 c5 2.Nf3 e6 3.d4 cxd4 4.Nxd4 a6 5.Bd3 Bc5 6.Nb3 Be7 7.O-O d6 8.Nc3 Nf6
9.Be3 b5 10.a3 Bb7 11.f4 Nbd7 12.Qf3 O-O 13.Rae1 Re8 14.Kh1 Qc7 15.Qh3 g6
16.Nd2 Bf8 17.Nf3 Bg7 18.Ng5 h6 19.Nf3 Nc5 20.e5 Nfd7 21.Bd4 Nxd3 22.cxd3 Nc5
23.exd6 Qxd6 24.Ne4 Nxe4 25.Bxg7 Kxg7 26.dxe4 Qxf4 27.Nd4 Qe5 28.Qf3 Re7
29.Nb3 Rd8 30.Qf2 Rc8 31.Re3 Rd7 32.Re2 Rc4 33.Nd2 Rc2 34.Nf3 Rxe2 35.Qxe2 Qxe4
36.Qf2 Qf5 37.Qe1 Qd5 38.Qc3+ f6 39.h3 e5 40.Nh4 Qe4 41.Qg3 Rd2 42.Nf5+ Kh7
43.Ne3 Rd3 44.Rf3 Qd4 45.Rxf6 Rxe3 46.Qxg6+  1-0